Powiaty, w których znajduje się jedno miasto - Statystyki

Ogólne statystyki
  • Ten quiz został rozwiązany 17 razy
  • Średni wynik to 24 z 45
Statystyki odpowiedzi
Województwo Odpowiedź % Poprawnych
małopolskie tatrzański
71%
kujawsko-pomorskie toruński
71%
warmińsko-mazurskie ełcki
64%
pomorskie gdański
64%
dolnośląskie głogowski
64%
warmińsko-mazurskie gołdapski
64%
podkarpackie leski
64%
dolnośląskie milicki
64%
warmińsko-mazurskie olecki
64%
łódzkie skierniewicki
64%
podkarpackie bieszczadzki
57%
podkarpackie brzozowski
57%
podkarpackie kolbuszowski
57%
podkarpackie łańcucki
57%
mazowieckie mławski
57%
opolskie namysłowski
57%
lubelskie parczewski
57%
kujawsko-pomorskie rypiński
57%
podlaskie sejneński
57%
kujawsko-pomorskie tucholski
57%
opolskie kędzierzyńsko-kozielski
50%
łódzkie łaski
50%
lubelskie łęczyński
50%
mazowieckie łosicki
50%
warmińsko-mazurskie nidzicki
50%
mazowieckie ostrołęcki
50%
śląskie pszczyński
50%
mazowieckie sierpecki
50%
podkarpackie strzyżowski
50%
kujawsko-pomorskie wąbrzeski
50%
warmińsko-mazurskie węgorzewski
50%
lubelskie włodawski
50%
świętokrzyskie włoszczowski
50%
śląskie żywiecki
50%
kujawsko-pomorskie chełmiński
43%
lubelskie hrubieszowski
43%
pomorskie kościerski
43%
mazowieckie pułtuski
43%
śląskie rybnicki
43%
mazowieckie siedlecki
43%
mazowieckie sochaczewski
43%
mazowieckie wyszkowski
43%
podlaskie zambrowski
43%
warmińsko-mazurskie nowomiejski
36%
wielkopolskie wolsztyński
29%
Nie znaleziono quizów pasujących do podanych kryteriów
Rozkład punktacji
Procent ludzi z każdym wynikiem
Percentyl według liczby udzielonych odpowiedzi
Twoja historia wyników
Nie rozwiązałeś tego quizu